| 000 | 00548nam a2200157Ia 4500 | ||
|---|---|---|---|
| 008 | 151213s9999 xx 000 0 und d | ||
| 020 | _a984-8416-273-4 | ||
| 100 | _aশামছুন নাহার। | ||
| 245 |
_aঅবুভবে ছুয়েছি তোমায়। _cশামছুন নাহার। |
||
| 260 |
_aঢাকা _bঁঁঁঁজাগৃতি। _c2006 |
||
| 300 | _a8533 p. | ||
| 650 | _aBengali Literature | ||
| 650 | _aBengali Literature | ||
| 700 | _aশামছুন নাহার। | ||
| 999 |
_c4370 _d4370 |
||